Méně volnosti, méně starostí. Filozofie firmy REMA 1000: Nejnižší ceny, vysoká kvalita a příjemní lidé.
Vytváranie franšízingovej siete predajní REMA 1000 v Českej republike. Jedná sa o predajne potravín so stopercentnou samoobsluhou. Zmluvné vzťahy k nórskej firme REMA 1000 a vzťah k českým obchodom zapojeným do jej siete. Charakteristika a filozofia firmy. Funkcia dealera firmy.
Salvato in:
| Autore principale: | |
|---|---|
| Natura: | Capitolo di libro |
| Lingua: | ceco |
| Soggetti: | |
| Tags: |
Nessun Tag, puoi essere il primo ad aggiungerne!!
|
MARC
| LEADER | 00000naa a2200000 4500 | ||
|---|---|---|---|
| 001 | r012358 | ||
| 005 | 20220826094015.5 | ||
| 041 | 0 | |a cze | |
| 044 | |a CZ | ||
| 245 | 1 | 0 | |a Méně volnosti, méně starostí. |b Filozofie firmy REMA 1000: Nejnižší ceny, vysoká kvalita a příjemní lidé. |c Z. Kubín |
| 520 | |a Vytváranie franšízingovej siete predajní REMA 1000 v Českej republike. Jedná sa o predajne potravín so stopercentnou samoobsluhou. Zmluvné vzťahy k nórskej firme REMA 1000 a vzťah k českým obchodom zapojeným do jej siete. Charakteristika a filozofia firmy. Funkcia dealera firmy. | ||
| 610 | 2 | 0 | |a franšíza |
| 610 | 2 | 0 | |a siete obchodné |
| 610 | 2 | 0 | |a Čechy |
| 610 | 2 | 0 | |a Nórsko |
| 610 | 2 | 0 | |a potraviny |
| 610 | 2 | 0 | |a REMA 1000 |
| 610 | 2 | 0 | |a obchod vnútorný |
| 610 | 2 | 0 | |a vzťahy zmluvné |
| 610 | 2 | 0 | |a samoobsluhy |
| 100 | 1 | |a Kubín, Z. | |